Media violence and children : a complete guide for parents and professionals /

Bibliographic Details
Corporate Author: ebrary, Inc
Other Authors: Gentile, Douglas A., 1964-
Format: eBook
Language:English
Published: Santa Barbara, California : Praeger, [2014]
Edition:Second edition.
Subjects:
Online Access:Connect to the full text of this electronic book

MARC

Tag First Indicator Second Indicator Subfields
LEADER 00000cam a2200000Mi 4500
001 in00003517613
006 m o d
007 cr |n|
008 141020s2014 cau o 001 0 eng d
005 20250816210547.5
020 |a 1322194599 (ebk) 
020 |a 9781322194592 (ebk) 
024 8 |a 99964210107 
035 |a (NhCcYBP)ebr10953217 
037 |a 650739  |b MIL 
040 |a NhCcYBP  |c NhCcYBP  |d UtOrBLW 
050 4 |a HQ784.V55  |b M43 2014 
082 0 4 |a 303.6083  |2 23 
245 0 0 |a Media violence and children :  |b a complete guide for parents and professionals /  |c Douglas A. Gentile, editor ; foreword by Michael Rich, MD, MPH. 
250 |a Second edition. 
263 |a 1409 
264 1 |a Santa Barbara, California :  |b Praeger,  |c [2014] 
300 |a 1 online resource. 
336 |a text  |b txt  |2 rdacontent 
337 |a computer  |b c  |2 rdamedia 
338 |a online resource  |b cr  |2 rdacarrier 
500 |a Includes index. 
588 |a Description based on print version record. 
500 |a Electronic resource. 
650 0 |a Children and violence.  |0 http://id.loc.gov/authorities/subjects/sh91006362 
650 0 |a Violence in mass media.  |0 http://id.loc.gov/authorities/subjects/sh85143524 
655 7 |a Electronic books.  |2 local 
700 1 |a Gentile, Douglas A.,  |d 1964-  |0 http://id.loc.gov/authorities/names/nr2002016163 
710 2 |a ebrary, Inc.  |0 http://id.loc.gov/authorities/names/no2007088509 
776 1 8 |i Print version:  |w (bnb)GBB487535  |z 0001440830177 
856 4 1 |u https://ebookcentral.proquest.com/lib/tamucs/detail.action?docID=1813325  |y Connect to the full text of this electronic book  |t 0 
955 |a YBP purchased DDA e-records 
980 |b 87.00  |g 1 
987 |a ybp12116885 
999 f f |s 5e6b669a-7fb8-3288-8687-7fa9e01afa16  |i 199b6f1e-8713-3c02-846c-3cd21f61b8c6  |t 0 
952 f f |a Texas A&M University  |b College Station  |c Electronic Resources  |d Available Online  |t 0  |e HQ784.V55 M43 2014  |h Library of Congress classification 
998 f f |a HQ784.V55 M43 2014  |t 0  |l Available Online